Welcome to the Holygrace Academy Library

Please use search bar below to get started

TREASURED TALES OF CHRISTMAS (Record no. 7551)

MARC details
000 -LEADER
fixed length control field 00252nam a22001217a 4500
082 ## - DEWEY DECIMAL CLASSIFICATION NUMBER
Classification number 823
Item number APY/T
100 ## - MAIN ENTRY--AUTHOR NAME
Personal name APY, DEBORAH
245 ## - TITLE STATEMENT
Title TREASURED TALES OF CHRISTMAS
260 ## - PUBLICATION, DISTRIBUTION, ETC. (IMPRINT)
Name of publisher CURRENT
Year of publication 1980
300 ## - PHYSICAL DESCRIPTION
Number of Pages 30
650 ## - SUBJECT ADDED ENTRY--TOPICAL TERM
Topical Term ENGLISH STORY
942 ## - ADDED ENTRY ELEMENTS (KOHA)
Koha item type Books
Holdings
Withdrawn status Lost status Collection code Home library Current library Date acquired Source of acquisition Full call number Accession Number Koha item type
Withdrawn Damaged Item Fiction Main Library Main Library 16/05/2005 purchase 823 APY/T 00700 Books